[Event "ESP-chT Rapid"]
[Site "Ubeda"]
[Date "2023.09.24"]
[Round "8.8"]
[White "Portela Peleteiro, Alberto"]
[Black "Aledo Yanguas, Javier"]
[Result "1-0"]
[WhiteElo "2329"]
[BlackElo "2075"]
[PlyCount "71"]
[EventDate "2023.09.23"]
[EventType "team-swiss (rapid)"]
[EventRounds "9"]
[EventCountry "ESP"]
[SourceTitle "EXT 2024"]
[Source "ChessBase"]
[SourceDate "2023.10.10"]
[SourceVersion "1"]
[SourceVersionDate "2023.10.10"]
[SourceQuality "1"]
[WhiteTeam "Pola Paz Estratexia"]
[BlackTeam "Enric Valor CC"]
[WhiteTeamCountry "ESP"]
[BlackTeamCountry "ESP"]

1. e4 c6 2. d4 d5 3. exd5 cxd5 4. Bd3 Nc6 5. c3 Nf6 6. Bf4 g6 7. Nf3 Bg7 8. 0-0 Bg4 9. Nbd2 0-0 10. Re1 a6 11. h3 Bxf3 12. Nxf3 b5 13. Qe2 Qb6 14. b4 Ra7 15. a4 bxa4 16. Rxa4 a5 17. b5 Nb8 18. Rea1 Nbd7 19. Qxe7 Rc8 20. Qa3 Bf8 21. Qb3 Rca8 22. c4 Bb4 23. Be3 Qe6 24. c5 Nf8 25. b6 Rb7 26. Rxb4 axb4 27. Rxa8 Kg7 28. Ba6 Re7 29. b7 N8d7 30. Qxb4 Re8 31. Rxe8 Qxe8 32. Bb5 Qb8 33. Bxd7 Nxd7 34. c6 Nf8 35. Ne5 f6 36. Qe7+ 1-0

[Event "Roquetas de Mar op 31st"]
[Site "Roquetas de Mar"]
[Date "2020.01.02"]
[Round "1"]
[White "Aledo Yanguas, Javier"]
[Black "Shariyazdanov, Andrey"]
[Result "0-1"]
[WhiteElo "2044"]
[BlackElo "2519"]
[PlyCount "66"]
[EventDate "2020.01.02"]
[EventType "swiss"]
[EventRounds "9"]
[EventCountry "ESP"]
[SourceTitle "CBM 194 Extra"]
[Source "ChessBase"]
[SourceDate "2020.03.31"]
[SourceVersion "1"]
[SourceVersionDate "2020.03.31"]
[SourceQuality "1"]

1. e4 g6 2. d4 Bg7 3. Nf3 d6 4. Bc4 Nf6 5. Nc3 0-0 6. 0-0 Bg4 7. Be3 Nc6 8. h3 Bxf3 9. Qxf3 e5 10. d5 Ne7 11. Qd1 c6 12. a4 cxd5 13. exd5 Nf5 14. Qd3 Nxe3 15. fxe3 Nh5 16. g4 Nf6 17. e4 Rc8 18. a5 a6 19. Ra3 h5 20. gxh5 Nxh5 21. Ne2 Bh6 22. b4 Qh4 23. Ba2 f5 24. exf5 gxf5 25. c4 e4 26. Qd4 Rc7 27. Qf2 Rg7+ 28. Kh2 Qf6 29. Rg1 f4 30. Rxg7+ Qxg7 31. Nc3 f3 32. Nxe4 Qe5+ 33. Ng3 Nxg3 0-1

[Event "Benidorm op U2300 18th"]
[Site "Benidorm"]
[Date "2019.12.07"]
[Round "10"]
[White "Lornye, Pylyp"]
[Black "Aledo Yanguas, Javier"]
[Result "1-0"]
[WhiteElo "2284"]
[BlackElo "2023"]
[PlyCount "73"]
[EventDate "2019.11.29"]
[EventType "swiss"]
[EventRounds "10"]
[EventCountry "ESP"]
[SourceTitle "EXT 2022"]
[Source "ChessBase"]
[SourceDate "2021.10.06"]
[SourceVersion "1"]
[SourceVersionDate "2021.10.06"]
[SourceQuality "1"]

1. Nf3 Nf6 2. g3 g6 3. Bg2 Bg7 4. 0-0 0-0 5. d3 d5 6. Nbd2 c5 7. e4 dxe4 8. dxe4 Nc6 9. Qe2 Qc7 10. c3 e5 11. Nc4 b6 12. Ne3 Bb7 13. Nd2 Ne7 14. a4 Rad8 15. a5 Nc8 16. a6 Bc6 17. Rd1 b5 18. b3 Nd6 19. Nd5 Bxd5 20. exd5 Nf5 21. Qxb5 Nxd5 22. Bb2 Nd6 23. Qa5 Nb6 24. Ba3 Rc8 25. Ne4 Nxe4 26. Bxe4 Nd7 27. Qb5 Rfd8 28. Bb7 Rb8 29. Qc6 Qxc6 30. Bxc6 Nf8 31. Bxc5 Rxd1+ 32. Rxd1 Rxb3 33. Bxa7 Ne6 34. Be3 Rxc3 35. a7 Nc7 36. Rd8+ Bf8 37. Bh6 1-0

[Event "Xativa Murta op 4th"]
[Site "Xativa"]
[Date "2018.07.20"]
[Round "7"]
[White "Villacorta Nicolas, David"]
[Black "Aledo Yanguas, Javier"]
[Result "0-1"]
[WhiteElo "2179"]
[BlackElo "2130"]
[PlyCount "94"]
[EventDate "2018.07.16"]
[EventType "swiss"]
[EventRounds "7"]
[EventCountry "ESP"]
[SourceTitle "CBM 185 Extra"]
[Source "ChessBase"]
[SourceDate "2018.07.29"]
[SourceVersion "1"]
[SourceVersionDate "2018.07.29"]
[SourceQuality "1"]

1. e4 c6 2. Nc3 d5 3. Nf3 Nf6 4. exd5 cxd5 5. d4 Bg4 6. h3 Bxf3 7. Qxf3 e6 8. Bb5+ Nbd7 9. 0-0 a6 10. Bd3 Bd6 11. Bf4 Bxf4 12. Qxf4 0-0 13. Ne2 b5 14. a4 Qb6 15. b3 Rac8 16. axb5 axb5 17. Qd2 Ne8 18. Qb4 Nd6 19. Ra5 Nb8 20. Rfa1 Rfd8 21. R5a2 Nc6 22. Qc5 Qb7 23. Ra6 Ne4 24. Bxe4 dxe4 25. Rb6 Qd7 26. c3 b4 27. cxb4 Nxd4 28. Qxd4 Qxd4 29. Nxd4 Rxd4 30. Rb7 g6 31. Raa7 Rf8 32. Ra6 Rc8 33. b5 Rc1+ 34. Kh2 Rd2 35. b6 e3 36. Rc7 Rh1+ 37. Kxh1 e2 38. Rc1 Rd1+ 39. Kh2 Rxc1 40. b7 e1Q 41. b8Q+ Kg7 42. Qf4 Qg1+ 43. Kg3 Rc3+ 44. f3 Rc2 45. Kh4 Qf2+ 46. g3 Rc5 47. Rd6 Rh5+ 0-1

[Event "Xativa Murta op 4th"]
[Site "Xativa"]
[Date "2018.07.17"]
[Round "2"]
[White "Aledo Yanguas, Javier"]
[Black "Gomar Juan, Miguel"]
[Result "1-0"]
[WhiteElo "2130"]
[BlackElo "1824"]
[PlyCount "87"]
[EventDate "2018.07.16"]
[EventType "swiss"]
[EventRounds "7"]
[EventCountry "ESP"]
[SourceTitle "CBM 185 Extra"]
[Source "ChessBase"]
[SourceDate "2018.07.29"]
[SourceVersion "1"]
[SourceVersionDate "2018.07.29"]
[SourceQuality "1"]

1. e4 e6 2. d4 d5 3. Nd2 c5 4. Ngf3 Nc6 5. exd5 exd5 6. dxc5 Bxc5 7. Nb3 Be7 8. Be2 Nf6 9. h3 0-0 10. Bf4 Bf5 11. 0-0 Qb6 12. Be3 Qc7 13. c3 Rad8 14. Nbd4 Be4 15. Qa4 Ra8 16. Rfd1 a6 17. Nxc6 Qxc6 18. Qb3 Bxf3 19. Bxf3 Rfd8 20. Bg5 Bc5 21. Bxf6 Qxf6 22. Rxd5 Rxd5 23. Qxd5 Qb6 24. Qxb7 Bxf2+ 25. Kf1 Rb8 26. Qxb6 Bxb6 27. Rd1 Kf8 28. Rd7 Bd8 29. b3 Bf6 30. c4 a5 31. Ra7 Bc3 32. Bd5 f5 33. Ke2 Re8+ 34. Kd3 Bb4 35. Rf7+ Kg8 36. Rxf5+ Kh8 37. Rf7 g6 38. Ra7 Re3+ 39. Kxe3 Bc5+ 40. Ke4 Bxa7 41. Be6 Kg7 42. Kd5 Kf6 43. c5 Ke7 44. a3 1-0

[Event "ESP-ch U16"]
[Site "Granada"]
[Date "2016.07.21"]
[Round "6"]
[White "Ortin Blanco, Inigo"]
[Black "Aledo Yanguas, Javier"]
[Result "1/2-1/2"]
[WhiteElo "2022"]
[BlackElo "1868"]
[PlyCount "127"]
[EventDate "2016.07.18"]
[EventType "swiss"]
[EventRounds "9"]
[EventCountry "ESP"]
[SourceTitle "EXT 2024"]
[Source "ChessBase"]
[SourceDate "2023.10.10"]
[SourceVersion "1"]
[SourceVersionDate "2023.10.10"]
[SourceQuality "1"]

1. d4 d5 2. c4 c6 3. Nf3 Nf6 4. e3 e6 5. b3 Nbd7 6. Bb2 Be7 7. Bd3 b6 8. Nbd2 Bb7 9. 0-0 0-0 10. Ne5 Ne8 11. f4 f5 12. Nxd7 Qxd7 13. Nf3 Nd6 14. c5 Nf7 15. Rc1 bxc5 16. dxc5 a5 17. Qe2 Qc8 18. Nd4 Bf6 19. g4 fxg4 20. Qxg4 Nh6 21. Qh5 Ba6 22. Bxa6 Rxa6 23. Rf3 Nf5 24. Rh3 h6 25. Qg6 Bxd4 26. Bxd4 Nxd4 27. exd4 Rf6 28. Qg4 Qb8 29. Rg3 Ra7 30. Re1 Raf7 31. Rxe6 Rxe6 32. Qxe6 Qxf4 33. Kh1 Qxd4 34. Rg4 Qd1+ 35. Rg1 Qf3+ 36. Rg2 Qe4 37. Qxe4 dxe4 38. Re2 Re7 39. Kg2 Kf7 40. Kg3 Kf6 41. Kf4 g5+ 42. Ke3 Ke5 43. Rd2 Rf7 44. Rd6 Rf3+ 45. Ke2 Rh3 46. Rxc6 Rxh2+ 47. Ke3 Kd5 48. Rc8 Rxa2 49. c6 Rc2 50. c7 Kd6 51. Kxe4 Rxc7 52. Ra8 Rg7 53. Rxa5 h5 54. Ra6+ Kc5 55. Rh6 h4 56. Rh5 Kb4 57. Kf5 Rg8 58. Kf6 Kxb3 59. Kf7 Ra8 60. Rxg5 Ra4 61. Rh5 Kc2 62. Kf6 Ra6+ 63. Kg5 Ra5+ 64. Kxh4 1/2-1/2

[Event "Mar Menor op 7th"]
[Site "San Pedro del Pinatar"]
[Date "2016.01.24"]
[Round "6"]
[White "Hassomal Daswani, Birjkumar"]
[Black "Aledo Yanguas, Javier"]
[Result "1-0"]
[WhiteElo "2060"]
[BlackElo "1930"]
[PlyCount "71"]
[EventDate "2016.01.22"]
[EventType "swiss"]
[EventRounds "7"]
[EventCountry "ESP"]
[SourceTitle "EXT 2019"]
[Source "ChessBase"]
[SourceDate "2018.10.10"]
[SourceVersion "1"]
[SourceVersionDate "2018.10.10"]
[SourceQuality "1"]

1. e4 c6 2. d4 d5 3. e5 c5 4. dxc5 Nc6 5. Nf3 Bg4 6. c3 e6 7. b4 Bxf3 8. Qxf3 Nxe5 9. Bb5+ Nd7 10. 0-0 Be7 11. Bf4 a6 12. Ba4 Rc8 13. Nd2 Bf6 14. Rad1 Kf8 15. c4 Ne5 16. Qe2 Nc6 17. cxd5 exd5 18. a3 b5 19. cxb6 Qxb6 20. Rfe1 g6 21. Nb3 Nd4 22. Nxd4 Bxd4 23. Rxd4 Qxd4 24. Be5 Qc4 25. Qxc4 dxc4 26. Bxh8 f6 27. Re6 Kf7 28. Rxa6 c3 29. Ra7+ Ke6 30. Bc2 Ne7 31. Ra6+ Rc6 32. b5 Rxa6 33. bxa6 Nc6 34. Bg7 Kf7 35. Bh6 Ke6 36. Be3 1-0

[Event "ESP-ch U16"]
[Site "Salobrena"]
[Date "2015.07.24"]
[Round "8"]
[White "Aledo Yanguas, Javier"]
[Black "Losa Ordonez, Juan Jose"]
[Result "1-0"]
[WhiteElo "2017"]
[BlackElo "1822"]
[PlyCount "89"]
[EventDate "2015.07.20"]
[EventType "swiss"]
[EventRounds "9"]
[EventCountry "ESP"]
[SourceTitle "EXT 2016"]
[Source "ChessBase"]
[SourceDate "2015.10.08"]
[SourceVersion "1"]
[SourceVersionDate "2015.10.08"]
[SourceQuality "1"]

1. e4 e6 2. d4 d5 3. e5 c5 4. c3 Qb6 5. Nf3 Nc6 6. a3 Nh6 7. b4 cxd4 8. cxd4 Nf5 9. Be3 f6 10. exf6 gxf6 11. Bd3 Nxe3 12. fxe3 Bh6 13. Qe2 Bd7 14. Nc3 Ne7 15. Nd2 0-0-0 16. b5 Qa5 17. 0-0 Kb8 18. Rfc1 e5 19. Nb3 Qb6 20. a4 e4 21. Bb1 Rhg8 22. a5 Qd6 23. b6 a6 24. Nc5 Bg4 25. Nxa6+ bxa6 26. Qxa6 Bxe3+ 27. Kh1 Bxc1 28. Qa7+ Kc8 29. b7+ Kd7 30. b8Q+ Ke6 31. Qxd6+ Rxd6 32. Nxe4 Be3 33. Nxd6 Bf3 34. Bf5+ Nxf5 35. Qf7+ Kxd6 36. Qxg8 Bxd4 37. gxf3 Bxa1 38. a6 Bd4 39. Qb8+ Ke6 40. a7 Bxa7 41. Qxa7 Ke5 42. Qc7+ Ke6 43. Qxh7 d4 44. f4 Nd6 45. Qg8+ 1-0

[Event "ESP-ch U16"]
[Site "Salobrena"]
[Date "2015.07.24"]
[Round "7"]
[White "Serrano Leiva, Ana"]
[Black "Aledo Yanguas, Javier"]
[Result "1-0"]
[WhiteElo "1889"]
[BlackElo "2017"]
[PlyCount "91"]
[EventDate "2015.07.20"]
[EventType "swiss"]
[EventRounds "9"]
[EventCountry "ESP"]
[SourceTitle "EXT 2016"]
[Source "ChessBase"]
[SourceDate "2015.10.08"]
[SourceVersion "1"]
[SourceVersionDate "2015.10.08"]
[SourceQuality "1"]

1. e4 c6 2. d4 d5 3. exd5 cxd5 4. Bd3 Nc6 5. c3 Nf6 6. Bf4 a6 7. h3 e6 8. Nd2 b5 9. a3 Bd6 10. Bxd6 Qxd6 11. Ngf3 0-0 12. 0-0 Rb8 13. Re1 a5 14. b4 a4 15. Ne5 Ne7 16. Ndf3 Ng6 17. Qd2 Ba6 18. Rac1 Nd7 19. Nxd7 Qxd7 20. Ne5 Qc7 21. Qe3 Nxe5 22. dxe5 f6 23. exf6 Rxf6 24. Re2 Rb6 25. Bb1 Rc6 26. g3 Rc4 27. Rd2 Qd6 28. Ba2 Rc7 29. Rcd1 Bb7 30. Rc1 Qc6 31. Rd4 Rcf7 32. Rc2 Rf3 33. Qe1 Qe8 34. Bxd5 Bxd5 35. Rxd5 Qe7 36. Rxb5 Qa7 37. Rg5 h6 38. Ra5 Rxg3+ 39. Kh2 Rxh3+ 40. Kxh3 Qb7 41. Kh2 Rf4 42. Qxe6+ Kh7 43. Qd5 Qe7 44. Qd3+ Kg8 45. Kg2 Qb7+ 46. Qd5+ 1-0

[Event "ESP-ch U16"]
[Site "Salobrena"]
[Date "2015.07.23"]
[Round "6"]
[White "Aledo Yanguas, Javier"]
[Black "Alfaya Marcelo, Roberto"]
[Result "0-1"]
[WhiteElo "2017"]
[BlackElo "2097"]
[PlyCount "80"]
[EventDate "2015.07.20"]
[EventType "swiss"]
[EventRounds "9"]
[EventCountry "ESP"]
[SourceTitle "EXT 2016"]
[Source "ChessBase"]
[SourceDate "2015.10.08"]
[SourceVersion "1"]
[SourceVersionDate "2015.10.08"]
[SourceQuality "1"]

1. e4 c5 2. c3 d5 3. exd5 Qxd5 4. d4 g6 5. Nf3 Bg7 6. c4 Qe4+ 7. Be3 Bg4 8. Nc3 Qc6 9. Be2 Nf6 10. d5 Qc8 11. h3 Bf5 12. Nd2 0-0 13. 0-0 Na6 14. a3 Ne8 15. Nde4 Bxe4 16. Nxe4 Bxb2 17. Ra2 Bg7 18. Bf4 Qf5 19. d6 Qxe4 20. Bd3 Qxf4 21. dxe7 Nf6 22. exf8Q+ Bxf8 23. Qb3 b6 24. Re2 Nc7 25. Re3 Bg7 26. Rfe1 Ne6 27. Qa4 Qc7 28. Qc2 Rd8 29. Be4 Nxe4 30. Rxe4 Rd4 31. Qe2 Qd6 32. Rxd4 Bxd4 33. h4 Qf4 34. h5 Kg7 35. hxg6 hxg6 36. Qf3 Qd2 37. Re2 Qc1+ 38. Kh2 Qxc4 39. g4 Qc3 40. Qd5 Nf4 0-1

[Event "ESP-ch U16"]
[Site "Salobrena"]
[Date "2015.07.22"]
[Round "5"]
[White "Lopez Rivera, Jesus"]
[Black "Aledo Yanguas, Javier"]
[Result "1/2-1/2"]
[WhiteElo "2163"]
[BlackElo "2017"]
[PlyCount "60"]
[EventDate "2015.07.20"]
[EventType "swiss"]
[EventRounds "9"]
[EventCountry "ESP"]
[SourceTitle "EXT 2016"]
[Source "ChessBase"]
[SourceDate "2015.10.08"]
[SourceVersion "1"]
[SourceVersionDate "2015.10.08"]
[SourceQuality "1"]

1. e4 c6 2. d4 d5 3. e5 c5 4. dxc5 Nc6 5. Nf3 Bg4 6. Bb5 e6 7. b4 Qc7 8. Nbd2 Nge7 9. Bb2 g6 10. Ba4 a6 11. c4 Bxf3 12. Qxf3 Bh6 13. cxd5 Bxd2+ 14. Kxd2 Nxd5 15. Bxc6+ Qxc6 16. Rhd1 Nxb4 17. Qxc6+ bxc6 18. Ke2 Nd5 19. Kf1 Rb8 20. Bd4 0-0 21. Rab1 Rfd8 22. f3 h5 23. g3 Rb5 24. a4 Rb4 25. Rxb4 Nxb4 26. Ke2 Nc2 27. Bc3 Rxd1 28. Kxd1 Ne3+ 29. Ke2 Nd5 30. Kd3 Kg7 1/2-1/2

[Event "ESP-ch U16"]
[Site "Salobrena"]
[Date "2015.07.20"]
[Round "2"]
[White "Aledo Yanguas, Javier"]
[Black "Lechuga Cabrero, Diego"]
[Result "0-1"]
[WhiteElo "2017"]
[BlackElo "1753"]
[PlyCount "128"]
[EventDate "2015.07.20"]
[EventType "swiss"]
[EventRounds "9"]
[EventCountry "ESP"]
[SourceTitle "EXT 2016"]
[Source "ChessBase"]
[SourceDate "2015.10.08"]
[SourceVersion "1"]
[SourceVersionDate "2015.10.08"]
[SourceQuality "1"]

1. e4 c5 2. c3 d5 3. exd5 Qxd5 4. d4 Nf6 5. Nf3 Bg4 6. Be2 e6 7. Bf4 Nc6 8. Na3 Qd8 9. Nc2 Nd5 10. Bg3 Be7 11. 0-0 0-0 12. Ne3 Bh5 13. Nxd5 Qxd5 14. c4 Qd7 15. d5 Bxf3 16. Bxf3 Nd4 17. dxe6 Nxf3+ 18. Qxf3 fxe6 19. Rfd1 Qa4 20. Qxb7 Bf6 21. h3 Qxc4 22. Re1 Qb4 23. Qxb4 cxb4 24. Re2 Rfd8 25. Rae1 a5 26. Rc2 Rac8 27. Rec1 Rd1+ 28. Rxd1 Rxc2 29. b3 Rxa2 30. Rb1 a4 31. bxa4 Rxa4 32. Bd6 Bc3 33. g4 Ra6 34. Bc5 Rc6 35. Bxb4 Rb6 36. Bxc3 Rxb1+ 37. Kg2 Rb3 38. Bd4 Kf7 39. Be3 e5 40. Kg3 Ke6 41. Kg2 g6 42. h4 h5 43. Kf3 Rb4 44. gxh5 gxh5 45. Bg5 Kf5 46. Ke3 Rb3+ 47. Ke2 Ke4 48. Bd2 Rf3 49. Be3 Rh3 50. Bg5 Rh2 51. Be7 Kf5 52. Bg5 e4 53. Ke3 Rh3+ 54. Ke2 Kg4 55. Be7 Rf3 56. Bg5 Kh3 57. Kf1 Kh2 58. Be3 Rxe3 59. fxe3 Kg3 60. Ke2 Kxh4 61. Kf2 Kg4 62. Kg2 h4 63. Kf2 h3 64. Kg1 Kf3 0-1

[Event "Provincial-ch Xixona Preferente"]
[Site "Xixona"]
[Date "2014.11.22"]
[Round "7.2"]
[White "Navarro Rico, Lluis"]
[Black "Aledo Yanguas, Javier"]
[Result "1/2-1/2"]
[WhiteElo "1521"]
[BlackElo "1761"]
[PlyCount "44"]
[EventDate "2014.09.27"]
[EventType "swiss"]
[EventRounds "7"]
[EventCountry "ESP"]
[SourceTitle "EXT 2024"]
[Source "ChessBase"]
[SourceDate "2023.10.10"]
[SourceVersion "1"]
[SourceVersionDate "2023.10.10"]
[SourceQuality "1"]

1. c4 c6 2. g3 d5 3. Bg2 Nf6 4. Nf3 Bf5 5. cxd5 cxd5 6. Nc3 e6 7. 0-0 Nc6 8. d3 Bd6 9. Nb5 0-0 10. Nxd6 Qxd6 11. Bd2 Nd7 12. Nh4 Bg6 13. Nxg6 hxg6 14. Rc1 Rac8 15. e3 Nce5 16. d4 Rxc1 17. Qxc1 Nc4 18. b3 Nxd2 19. Qxd2 Rc8 20. Rc1 Rc6 21. Rxc6 Qxc6 22. Bf1 a6 1/2-1/2

[Event "Provincial-ch Xixona Preferente"]
[Site "Xixona"]
[Date "2014.10.18"]
[Round "3.2"]
[White "Garcia Gimenez, Santiago"]
[Black "Aledo Yanguas, Javier"]
[Result "1/2-1/2"]
[WhiteElo "1657"]
[BlackElo "1761"]
[PlyCount "81"]
[EventDate "2014.09.27"]
[EventType "swiss"]
[EventRounds "7"]
[EventCountry "ESP"]
[SourceTitle "EXT 2024"]
[Source "ChessBase"]
[SourceDate "2023.10.10"]
[SourceVersion "1"]
[SourceVersionDate "2023.10.10"]
[SourceQuality "1"]

1. e4 c6 2. d4 d5 3. Nc3 dxe4 4. Nxe4 Bf5 5. Ng3 Bg6 6. h4 h6 7. Nf3 Nd7 8. h5 Bh7 9. Bd3 Bxd3 10. Qxd3 Ngf6 11. Bd2 e6 12. 0-0-0 Qc7 13. c4 Bd6 14. Ne4 Nxe4 15. Qxe4 Nf6 16. Qe2 0-0-0 17. Ne5 c5 18. Bc3 Bxe5 19. dxe5 Rxd1+ 20. Rxd1 Nd7 21. f4 Nb6 22. b3 Rd8 23. Rf1 Qd7 24. Kc2 Kb8 25. g3 Nc8 26. Rd1 Qxd1+ 27. Qxd1 Rxd1 28. Kxd1 Ne7 29. Ke2 Kc7 30. Kf3 Kc6 31. g4 a6 32. Ke4 g6 33. Be1 gxh5 34. gxh5 Nf5 35. Kf3 b5 36. Bc3 Kb6 37. a4 bxa4 38. bxa4 a5 39. Bb2 Ne7 40. Bc3 Ka6 41. Bb2 1/2-1/2

[Event "Alzira op"]
[Site "Alzira"]
[Date "2014.08.27"]
[Round "9"]
[White "Nieto Tornero, Jose"]
[Black "Aledo Yanguas, Javier"]
[Result "1/2-1/2"]
[WhiteElo "1914"]
[BlackElo "1791"]
[PlyCount "126"]
[EventDate "2014.08.22"]
[EventType "swiss"]
[EventRounds "9"]
[EventCountry "ESP"]
[SourceTitle "EXT 2016"]
[Source "ChessBase"]
[SourceDate "2015.10.08"]
[SourceVersion "1"]
[SourceVersionDate "2015.10.08"]
[SourceQuality "1"]

1. e4 c6 2. c4 d5 3. exd5 cxd5 4. d4 Nf6 5. Nc3 Nc6 6. cxd5 Nxd5 7. Be2 e6 8. Bf3 Be7 9. Nge2 0-0 10. Nxd5 exd5 11. Qb3 Bb4+ 12. Kf1 Qe7 13. a3 Ba5 14. Be3 Be6 15. Bxd5 Bxd5 16. Qxd5 Rad8 17. Qh5 Bb6 18. Qg4 Rfe8 19. h4 Qe4 20. Qxe4 Rxe4 21. Nc3 Ree8 22. d5 Bxe3 23. fxe3 Ne5 24. e4 Nc4 25. Re1 Nxb2 26. Rb1 Nc4 27. Ke2 f5 28. Kd3 Nb6 29. Kd4 fxe4 30. a4 Rc8 31. Rxb6 axb6 32. Nxe4 Ra8 33. Nc3 Ra5 34. Rb1 Ra6 35. Rb4 Kf7 36. Nb5 Re2 37. g4 Ke7 38. Nc7 Ra5 39. Nb5 Ra2 40. Nc3 Rg2 41. Ke5 Rg3 42. Nb5 Re3+ 43. Kd4 Rg3 44. Ke5 Re3+ 45. Kf5 Rf3+ 46. Ke4 Rg3 47. Kf4 Rd3 48. Re4+ Kd7 49. Rc4 Rxb5 50. axb5 Rxd5 51. Rb4 Kd6 52. Ke3 Kc5 53. Rf4 g5 54. hxg5 Rxg5 55. Ke4 Rg7 56. Rf5+ Kd6 57. Kf4 Ke6 58. Rh5 Rf7+ 59. Ke4 Kd6 60. Rh6+ Kc5 61. Rh5+ Kd6 62. g5 Re7+ 63. Kf4 Kd7 1/2-1/2

[Event "Provincial-ch Xixona Preferente"]
[Site "Xixona"]
[Date "2013.10.05"]
[Round "1"]
[White "Sanleon Pravisano, Nieves"]
[Black "Aledo Yanguas, Javier"]
[Result "0-1"]
[WhiteElo "1186"]
[BlackElo "1672"]
[PlyCount "68"]
[EventDate "2013.10.05"]
[EventType "swiss"]
[EventRounds "7"]
[EventCountry "ESP"]
[SourceTitle "EXT 2024"]
[Source "ChessBase"]
[SourceDate "2023.10.10"]
[SourceVersion "1"]
[SourceVersionDate "2023.10.10"]
[SourceQuality "1"]

1. d4 d5 2. Nf3 Nf6 3. Bf4 c6 4. e3 e6 5. Bd3 Nbd7 6. Nbd2 Be7 7. c3 0-0 8. h3 b6 9. 0-0 c5 10. Re1 Bb7 11. Qe2 Rc8 12. Rac1 Re8 13. Ne5 Nxe5 14. Bxe5 Bd6 15. Bh2 Bxh2+ 16. Kxh2 Qd6+ 17. Kg1 Nd7 18. Nf3 e5 19. dxe5 Nxe5 20. Bb1 Qf6 21. Nxe5 Rxe5 22. Qd3 Qh6 23. Kh2 Rce8 24. Qd2 Qd6 25. Kg1 Qf6 26. Re2 Rg5 27. Kh2 d4 28. Rg1 Qd6+ 29. g3 Bf3 30. Ree1 Qh6 31. h4 Rh5 32. Kh3 g5 33. Rh1 Rxh4+ 34. gxh4 Qxh4# 0-1

[Event "San Pedro del Pinatar 4th"]
[Site "San Pedro del Pinatar"]
[Date "2013.01.11"]
[Round "1.9"]
[White "Fabre Massana, Miquel"]
[Black "Aledo Yanguas, Javier"]
[Result "1/2-1/2"]
[WhiteElo "2110"]
[BlackElo "1669"]
[PlyCount "125"]
[EventDate "2013.01.11"]
[EventType "swiss"]
[EventRounds "7"]
[EventCountry "ESP"]
[SourceTitle "EXT 2024"]
[Source "ChessBase"]
[SourceDate "2023.10.10"]
[SourceVersion "1"]
[SourceVersionDate "2023.10.10"]
[SourceQuality "1"]

1. e4 c6 2. d4 d5 3. exd5 cxd5 4. c4 Nc6 5. Nc3 Nf6 6. Nf3 Bg4 7. Be2 e6 8. c5 Be7 9. 0-0 0-0 10. h3 Bf5 11. Bf4 Ne4 12. Rc1 Nxc3 13. Rxc3 Bf6 14. Re1 Rc8 15. a3 Be4 16. Ne5 Nxe5 17. dxe5 Be7 18. b4 b6 19. Qd4 bxc5 20. bxc5 Qa5 21. Rec1 a6 22. Be3 Rc6 23. Bd1 Rb8 24. Qa4 Rb5 25. Qxa5 Rxa5 26. a4 f6 27. f4 g5 28. g3 h5 29. Bd4 Kg7 30. Kf2 h4 31. fxg5 fxg5 32. Bb3 Bf5 33. g4 Be4 34. Ke3 Kf7 35. Kd2 Bg6 36. Be3 Ke8 37. Bd1 Kd8 38. Rb3 Kc8 39. Rb6 Kc7 40. Rc3 Bxc5 41. Bxc5 Raxc5 42. Rxc6+ Kxc6 43. Rf3 Kd7 44. Rf6 Be8 45. Rf8 d4 46. Be2 Ra5 47. Rg8 Rxa4 48. Rxg5 Ke7 49. Rg7+ Bf7 50. Rh7 Ra5 51. g5 Kf8 52. Bd3 Ra2+ 53. Ke1 Rg2 54. Rxh4 Rxg5 55. Rxd4 Rxe5+ 56. Kf2 a5 57. Kf3 Rd5 58. Rxd5 exd5 59. Ke3 Be6 60. Kd4 Ke7 61. h4 Kf6 62. Bc2 Kg7 63. Bb3 1/2-1/2

[Event "ESP-ch U12"]
[Site "Salobrena"]
[Date "2012.07.06"]
[Round "8.24"]
[White "Aledo Yanguas, Javier"]
[Black "Redondo Benavente, Ana"]
[Result "1-0"]
[WhiteElo "1654"]
[BlackElo "1419"]
[PlyCount "81"]
[EventDate "2012.07.02"]
[EventType "swiss"]
[EventRounds "9"]
[EventCountry "ESP"]
[SourceTitle "EXT 2024"]
[Source "ChessBase"]
[SourceDate "2023.10.10"]
[SourceVersion "1"]
[SourceVersionDate "2023.10.10"]
[SourceQuality "1"]

1. e4 e5 2. Nf3 Nc6 3. c3 Be7 4. d4 exd4 5. cxd4 d5 6. e5 Bb4+ 7. Bd2 Nge7 8. Bb5 Bxd2+ 9. Qxd2 0-0 10. 0-0 Bg4 11. Ne1 a6 12. Ba4 Bh5 13. f4 Qd7 14. Nc3 b5 15. Bc2 Bg6 16. h3 Bxc2 17. Nxc2 f6 18. Rad1 Rad8 19. Ne2 Qe8 20. g4 f5 21. Ng3 h6 22. Ne3 Qg6 23. Qd3 fxg4 24. Qxg6 Nxg6 25. f5 Nge7 26. hxg4 Na5 27. Ne2 Rc8 28. Nf4 c6 29. Ne6 Rfe8 30. Nc5 Rf8 31. Nxa6 Nb7 32. Nb4 Rfd8 33. f6 gxf6 34. Rxf6 Nf5 35. gxf5 c5 36. Nc6 Rf8 37. Rg6+ Kh7 38. Ne7 Rcd8 39. f6 Rd7 40. Rg7+ Kh8 41. Ng6# 1-0